[Event "Euskadi-ch"]
[Site "Getxo"]
[Date "2023.04.15"]
[Round "6.4"]
[White "Pascual Garcia, Martin"]
[Black "Manso Marquez, Felix"]
[Result "0-1"]
[WhiteElo "2027"]
[BlackElo "2035"]
[PlyCount "130"]
[EventDate "2023.04.12"]
[EventType "swiss"]
[EventRounds "7"]
[EventCountry "ESP"]
[SourceTitle "EXT 2024"]
[Source "ChessBase"]
[SourceDate "2023.10.10"]
[SourceVersion "1"]
[SourceVersionDate "2023.10.10"]
[SourceQuality "1"]

1. c4 e6 2. g3 Nf6 3. Bg2 d5 4. Nf3 Be7 5. d4 0-0 6. 0-0 c6 7. Qc2 b6 8. Nbd2 Bb7 9. e4 dxc4 10. Nxc4 Nbd7 11. h4 Rc8 12. Rd1 h6 13. Nh2 b5 14. Ne3 Qb6 15. Qe2 Rfd8 16. e5 Nd5 17. Qg4 c5 18. Nxd5 exd5 19. Be3 cxd4 20. Bxd4 Bc5 21. e6 Bxd4 22. exf7+ Kxf7 23. Rxd4 Nf6 24. Qf4 Kg8 25. Rad1 Rc2 26. R4d2 Rc4 27. Qf5 Rf8 28. Qg6 Qc5 29. Nf1 Ng4 30. Ne3 Nxe3 31. Qe6+ Kh8 32. Qxe3 Qxe3 33. fxe3 Rg4 34. Kh2 Re8 35. Re1 Re5 36. Rc2 Rc4 37. Rf2 Bc6 38. Ree2 Kg8 39. Rf4 Be8 40. b3 Rc3 41. e4 d4 42. Rd2 d3 43. Kg1 Bh5 44. Kf2 Be2 45. Ke3 Rc2 46. b4 Rc4 47. a3 Re6 48. Rf5 Rg6 49. Kf2 Rc2 50. h5 Rxd2 51. hxg6 Bg4+ 52. Ke3 Rxg2 53. Rxb5 Rc2 54. Rd5 Rc8 55. Rxd3 Kf8 56. b5 Ke7 57. a4 Bd7 58. Rb3 Rc5 59. Kd4 Rg5 60. e5 Rg4+ 61. Kc5 Rxa4 62. Rf3 Be8 63. Rb3 Bxg6 64. Kc6 Be8+ 65. Kb7 Ra5 0-1

[Event "Gipuzkoa-ch A"]
[Site "Azpeitia"]
[Date "2019.11.30"]
[Round "7"]
[White "Cantabrana Garona, Alejandro"]
[Black "Manso Marquez, Felix"]
[Result "0-1"]
[WhiteElo "1757"]
[BlackElo "2054"]
[PlyCount "60"]
[EventDate "2019.10.19"]
[EventType "swiss"]
[EventRounds "7"]
[EventCountry "ESP"]
[SourceTitle "EXT 2024"]
[Source "ChessBase"]
[SourceDate "2023.10.10"]
[SourceVersion "1"]
[SourceVersionDate "2023.10.10"]
[SourceQuality "1"]

1. c4 c5 2. g3 Nf6 3. Nc3 e6 4. Bg2 Nc6 5. e3 Be7 6. Nge2 0-0 7. 0-0 d6 8. d3 a6 9. a3 Rb8 10. Rb1 d5 11. cxd5 exd5 12. d4 Bf5 13. Ra1 c4 14. b4 Bd3 15. Re1 g5 16. f3 Qd7 17. Bb2 Rfd8 18. Nc1 Bg6 19. Qe2 b5 20. N1a2 Qa7 21. Rad1 Bd3 22. Rxd3 cxd3 23. Qxd3 Rbc8 24. Qf5 h6 25. f4 Qd7 26. Qxd7 Rxd7 27. fxg5 hxg5 28. e4 dxe4 29. Nxe4 Nxd4 30. Nxg5 Rc2 0-1

[Event "Elgoibar Danobat U2200 op 1st"]
[Site "Elgoibar"]
[Date "2018.11.08"]
[Round "4"]
[White "Manso Marquez, Felix"]
[Black "Irure Crespo, Egoitz"]
[Result "1/2-1/2"]
[WhiteElo "2120"]
[BlackElo "1992"]
[PlyCount "54"]
[EventDate "2018.09.27"]
[EventType "swiss"]
[EventRounds "7"]
[EventCountry "ESP"]
[SourceTitle "EXT 2020"]
[Source "ChessBase"]
[SourceDate "2019.10.17"]
[SourceVersion "1"]
[SourceVersionDate "2019.10.17"]
[SourceQuality "1"]

1. Nf3 d5 2. d4 Nf6 3. c4 c6 4. cxd5 cxd5 5. Nc3 Nc6 6. Bf4 Bf5 7. e3 e6 8. Qb3 Bb4 9. Bb5 0-0 10. 0-0 Bxc3 11. Bxc6 Bxb2 12. Qxb2 bxc6 13. Rfc1 Nh5 14. Bg3 Nxg3 15. hxg3 Qd6 16. Qb7 Rfc8 17. Ne5 Qc7 18. Qxc7 Rxc7 19. Rc5 Kf8 20. Rac1 f6 21. Nxc6 Ke8 22. a4 a6 23. R1c3 Rac8 24. a5 Bd3 25. Nb4 Rxc5 26. Rxc5 Rxc5 27. dxc5 Bb5 1/2-1/2

[Event "Elgoibar Danobat U2200 op 1st"]
[Site "Elgoibar"]
[Date "2018.09.27"]
[Round "1"]
[White "Regillaga Otano, Jon"]
[Black "Manso Marquez, Felix"]
[Result "0-1"]
[WhiteElo "1716"]
[BlackElo "2120"]
[PlyCount "68"]
[EventDate "2018.09.27"]
[EventType "swiss"]
[EventRounds "7"]
[EventCountry "ESP"]
[SourceTitle "EXT 2020"]
[Source "ChessBase"]
[SourceDate "2019.10.17"]
[SourceVersion "1"]
[SourceVersionDate "2019.10.17"]
[SourceQuality "1"]

1. d4 Nf6 2. c4 e6 3. Nc3 Bb4 4. Qc2 d5 5. cxd5 Qxd5 6. a3 Bxc3+ 7. bxc3 c5 8. Nf3 Nc6 9. e3 0-0 10. Be2 b6 11. 0-0 Bb7 12. Ne1 Rac8 13. Bf3 Qd6 14. Nd3 cxd4 15. a4 Rfd8 16. Ba3 Qc7 17. c4 Ba6 18. Bxc6 Qxc6 19. Ne5 Qc7 20. exd4 Rxd4 21. Bb2 Re4 22. Rfe1 Bb7 23. Rxe4 Bxe4 24. Qd2 Rd8 25. Qg5 h6 26. Qg3 Kh7 27. Qc3 Ne8 28. Qe3 Ba8 29. Qc3 Qb7 30. Qg3 f6 31. Qg6+ Kg8 32. Nf3 Qe4 33. Qg3 Qc2 34. Bd4 Bxf3 0-1

[Event "Euskadi-chT (Vasca) Div 1st"]
[Site "Bergara"]
[Date "2018.01.13"]
[Round "1.2"]
[White "Sanz Castillo, Santiago"]
[Black "Manso Marquez, Felix"]
[Result "0-1"]
[WhiteElo "2118"]
[BlackElo "2120"]
[PlyCount "98"]
[EventDate "2018.01.13"]
[EventType "team-tourn"]
[EventRounds "9"]
[EventCountry "ESP"]
[SourceTitle "EXT 2020"]
[Source "ChessBase"]
[SourceDate "2019.10.17"]
[SourceVersion "1"]
[SourceVersionDate "2019.10.17"]
[SourceQuality "1"]
[WhiteTeam "Conteneo Bilbao Haitzak"]
[BlackTeam "Urnieta"]
[WhiteTeamCountry "ESP"]
[BlackTeamCountry "ESP"]

1. d4 Nf6 2. Bg5 d5 3. Bxf6 exf6 4. e3 Bd6 5. Bd3 0-0 6. Nd2 Re8 7. Qh5 f5 8. Ne2 c6 9. h3 g6 10. Qf3 Qg5 11. 0-0-0 Nd7 12. c4 Bf8 13. cxd5 cxd5 14. Bb5 a6 15. Ba4 b5 16. Bb3 Nb6 17. Nf4 Bb7 18. Kb1 Qd8 19. g4 Qd7 20. Nd3 fxg4 21. hxg4 Nc4 22. Qf4 Qd6 23. Qg5 Qe7 24. Qf4 Qd6 25. Qf3 h6 26. Nc5 Bc6 27. Bc2 Bg7 28. Nxc4 bxc4 29. e4 dxe4 30. Bxe4 Bxe4+ 31. Nxe4 Qb6 32. g5 Rab8 33. Rd2 hxg5 34. Nxg5 Re7 35. Qh3 Qa5 36. Qh7+ Kf8 37. Qh2 Reb7 38. Qd6+ Kg8 39. Ne4 Rb6 40. Qc5 Qxc5 41. dxc5 Rxb2+ 42. Rxb2 Bxb2 43. Kc2 f5 44. Nd2 Bd4 45. Rh4 Bxc5 46. f3 Be3 47. Nxc4 Rc8 48. Kd3 Bg5 49. Rd4 Rd8 0-1

[Event "Euskadi-chT (Vasca) Div 1st"]
[Site "Bergara"]
[Date "2014.03.08"]
[Round "9.3"]
[White "Sarralde Osua, Diego"]
[Black "Manso Marquez, Felix"]
[Result "1-0"]
[WhiteElo "2143"]
[BlackElo "2084"]
[PlyCount "87"]
[EventDate "2014.01.11"]
[EventType "team-tourn"]
[EventRounds "9"]
[EventCountry "ESP"]
[SourceTitle "EXT 2024"]
[Source "ChessBase"]
[SourceDate "2023.10.10"]
[SourceVersion "1"]
[SourceVersionDate "2023.10.10"]
[SourceQuality "1"]

1. e4 e6 2. d3 c5 3. Nf3 Nc6 4. Nbd2 g6 5. g3 Bg7 6. Bg2 Nge7 7. 0-0 0-0 8. Re1 d5 9. e5 Qc7 10. Qe2 b6 11. h4 Ba6 12. c3 Rfd8 13. Nf1 d4 14. c4 b5 15. b3 bxc4 16. dxc4 Rab8 17. Bd2 Nb4 18. Bxb4 Rxb4 19. Qd2 Nc6 20. Qf4 Bc8 21. N1d2 Rb6 22. Ne4 Qe7 23. Nf6+ Kh8 24. Ng5 Nxe5 25. Rxe5 Bxf6 26. Rxc5 e5 27. Rxe5 Be6 28. Re4 Bxg5 29. hxg5 Qd7 30. Rd1 d3 31. Rd2 Bf5 32. Re5 Qd4 33. Qxd4 Rxd4 34. Re8+ Kg7 35. c5 Re6 36. Rxe6 fxe6 37. c6 e5 38. f3 Kf8 39. Kf2 Ke7 40. Ke3 Rd6 41. f4 e4 42. g4 Bxg4 43. Bxe4 Be2 44. c7 1-0

[Event "Mondragon op 13th"]
[Site "Mondragon"]
[Date "2013.12.27"]
[Round "2"]
[White "San Jose Madinabeitia, Iban"]
[Black "Manso Marquez, Felix"]
[Result "1-0"]
[WhiteElo "1762"]
[BlackElo "2084"]
[PlyCount "137"]
[EventDate "2013.12.26"]
[EventType "swiss"]
[EventRounds "6"]
[EventCountry "ESP"]
[SourceTitle "CBM 158 Extra"]
[Source "ChessBase"]
[SourceDate "2014.02.28"]
[SourceVersion "1"]
[SourceVersionDate "2014.02.28"]
[SourceQuality "1"]

1. d4 Nf6 2. c4 e6 3. Nf3 d5 4. Nc3 Bb4 5. Bg5 Nbd7 6. e3 c5 7. cxd5 exd5 8. Bb5 Qa5 9. 0-0 Bxc3 10. Bxd7+ Nxd7 11. bxc3 0-0 12. Qd2 c4 13. Rfb1 Re8 14. Rb4 Nb6 15. a4 Bd7 16. Qc2 Bc6 17. Bf4 Nd7 18. Ne5 Nf6 19. Nxc6 bxc6 20. Rab1 Rac8 21. Bd6 Ne4 22. Bf4 a6 23. f3 c5 24. dxc5 Nxc5 25. Qf5 Qd8 26. Rd1 Nd3 27. Rb7 Qf6 28. Qxd5 Red8 29. Rd7 h6 30. Rxd8+ Qxd8 31. Qxd8+ Rxd8 32. a5 Rd5 33. Bc7 Rb5 34. Bb6 Rb3 35. Bd4 Ra3 36. g4 Rxa5 37. Kg2 Ra2+ 38. Kg3 a5 39. h4 a4 40. Rb1 Nb2 41. Bc5 f6 42. f4 Kf7 43. f5 g6 44. e4 a3 45. fxg6+ Kxg6 46. h5+ Kf7 47. Rf1 Nd3 48. Bd4 Rb2 49. Rxf6+ Ke8 50. Rxh6 a2 51. Ra6 Nc1 52. h6 Ne2+ 53. Kh3 Nf4+ 54. Kh4 Kf7 55. Kg5 Ne6+ 56. Kf5 Nxd4+ 57. cxd4 Rh2 58. Ra7+ Ke8 59. Kg6 c3 60. h7 Rxh7 61. Rxa2 Rc7 62. Rc2 Rc4 63. Kf5 Rxd4 64. Rxc3 Ra4 65. Rc7 Ra6 66. e5 Ra1 67. g5 Rf1+ 68. Ke6 Kf8 69. g6 1-0

[Event "Huarte Puente Foral op 7th"]
[Site "Huarte"]
[Date "2012.12.06"]
[Round "3"]
[White "Prieto Aranguren, Alain"]
[Black "Manso Marquez, Felix"]
[Result "1-0"]
[WhiteElo "2193"]
[BlackElo "2063"]
[PlyCount "125"]
[EventDate "2012.12.04"]
[EventType "swiss"]
[EventRounds "7"]
[EventCountry "ESP"]
[SourceTitle "EXT 2016"]
[Source "ChessBase"]
[SourceDate "2015.10.08"]
[SourceVersion "1"]
[SourceVersionDate "2015.10.08"]
[SourceQuality "1"]

1. d4 e6 2. e4 d5 3. e5 c5 4. c3 Qb6 5. Nf3 Nc6 6. a3 Nh6 7. b4 cxd4 8. cxd4 Nf5 9. Bb2 Be7 10. Bd3 Bd7 11. Bxf5 exf5 12. Nc3 Be6 13. Na4 Qb5 14. Rc1 0-0 15. Nc3 Qb6 16. 0-0 Rfc8 17. Qd3 a6 18. Na4 Qa7 19. Nc5 b6 20. Nxa6 Nxe5 21. dxe5 Qxa6 22. Qxa6 Rxa6 23. Rxc8+ Bxc8 24. Rc1 Ra8 25. Nd4 Kf8 26. Nb5 Bd7 27. Nc7 Rc8 28. Nxd5 Rxc1+ 29. Bxc1 b5 30. Be3 Bc6 31. Nc3 Ke8 32. f4 Kd7 33. Kf2 Kc7 34. g3 g6 35. Bc5 Bxc5+ 36. bxc5 Bd7 37. Ke3 Kc6 38. Kd4 Be6 39. Nd1 Bc4 40. Ne3 Bb3 41. Kc3 Ba2 42. Kb4 Bb1 43. Nf1 Be4 44. Nd2 Bd5 45. Nb1 Be4 46. Nc3 Bd3 47. a4 bxa4 48. Nxa4 Be2 49. Nb6 Ba6 50. Nc4 Bc8 51. Na5+ Kc7 52. Kb5 Be6 53. c6 Bd5 54. Kc5 Bg2 55. Nc4 Bxc6 56. Nd6 Ba4 57. Nxf7 Bb3 58. Ng5 Bg8 59. Nf3 Ba2 60. Ng5 Bg8 61. e6 Kd8 62. Kd6 Ke8 63. Nf3 1-0

[Event "Donostia Gipuzkoa-ch"]
[Site "San Sebastian"]
[Date "2012.11.03"]
[Round "3"]
[White "Manso Marquez, Felix"]
[Black "Navascues Zabaleta, Jesus"]
[Result "1-0"]
[WhiteElo "2063"]
[BlackElo "1769"]
[PlyCount "64"]
[EventDate "2012.10.20"]
[EventType "swiss"]
[EventRounds "7"]
[EventCountry "ESP"]
[SourceTitle "EXT 2014"]
[Source "ChessBase"]
[SourceDate "2013.11.20"]
[SourceVersion "1"]
[SourceVersionDate "2013.11.20"]
[SourceQuality "1"]

1. d4 Nf6 2. c4 g6 3. Nc3 Bg7 4. e4 d6 5. Be2 0-0 6. Bg5 h6 7. Be3 b6 8. Qd2 Kh7 9. h3 Bb7 10. Bd3 e5 11. d5 Na6 12. Nge2 Nc5 13. g4 Re8 14. Ng3 a5 15. Be2 Qd7 16. 0-0-0 Rad8 17. g5 Ng8 18. Bg4 Qe7 19. Nf5 Qf8 20. Nxg7 Qxg7 21. gxh6 Nxh6 22. f4 f6 23. f5 Rh8 24. fxg6+ Kg8 25. Be6+ Nxe6 26. dxe6 Kf8 27. Rdf1 Ke7 28. Nd5+ Bxd5 29. cxd5 Qxg6 30. Rhg1 Qh7 31. Rxf6 Kxf6 32. Bg5+ Kg7 1-0

[Event "Gipuzkoa-ch"]
[Site "Zarautz"]
[Date "2009.11.28"]
[Round "6"]
[White "Agirretxe San Sebastian, Jesus Maria"]
[Black "Manso Marquez, Felix"]
[Result "1/2-1/2"]
[WhiteElo "2162"]
[BlackElo "2087"]
[PlyCount "70"]
[EventDate "2009.10.24"]
[EventType "swiss"]
[EventRounds "7"]
[EventCountry "ESP"]
[SourceTitle "EXT 2012"]
[Source "ChessBase"]
[SourceDate "2011.11.24"]
[SourceVersion "1"]
[SourceVersionDate "2011.11.24"]
[SourceQuality "1"]

1. Nf3 d5 2. d4 Nf6 3. g3 e6 4. c4 Be7 5. Bg2 0-0 6. 0-0 Nbd7 7. b3 c6 8. Qc2 b6 9. Rd1 Ba6 10. Nbd2 Rc8 11. e4 Bb7 12. Bb2 Qc7 13. Rac1 Qb8 14. Qd3 Rfd8 15. Qe2 dxe4 16. Nxe4 Nxe4 17. Qxe4 c5 18. Qe2 Bf6 19. Rc2 Qa8 20. Rcd2 cxd4 21. Bxd4 Bxd4 22. Rxd4 Nc5 23. Qd2 Rxd4 24. Qxd4 e5 25. Qe3 Ne6 26. Nh4 Bxg2 27. Nxg2 f6 28. f4 Re8 29. fxe5 Ng5 30. Rd5 Rxe5 31. Rxe5 Nf3+ 32. Kf2 Nxe5 33. h3 Qc8 34. Nf4 g5 35. Nd5 Qf5+ 1/2-1/2

[Event "San Sebastian Primavera op 2nd"]
[Site "San Sebastian"]
[Date "2006.05.27"]
[Round "4.4"]
[White "Martin Alvarez, Inigo"]
[Black "Manso Marquez, Felix"]
[Result "1-0"]
[WhiteElo "2092"]
[BlackElo "2098"]
[PlyCount "49"]
[EventDate "2006.05.06"]
[EventType "swiss"]
[EventRounds "7"]
[EventCountry "ESP"]
[SourceTitle "CBM 112 Extra"]
[Source "ChessBase"]
[SourceDate "2006.07.14"]
[SourceVersion "1"]
[SourceVersionDate "2006.07.14"]
[SourceQuality "1"]

1. e4 c5 2. Nf3 e6 3. b3 d5 4. exd5 exd5 5. Bb2 Nf6 6. Bb5+ Bd7 7. Qe2+ Be7 8. Bxf6 gxf6 9. Nc3 a6 10. Bxd7+ Qxd7 11. d4 cxd4 12. Nxd4 Nc6 13. 0-0-0 0-0-0 14. Qf3 Bd6 15. Nxc6 bxc6 16. Qxf6 Rhg8 17. g3 Rde8 18. Rhe1 Qc7 19. Qf5+ Kb7 20. Na4 f6 21. Kb1 Rg5 22. Qd3 Rge5 23. Rxe5 fxe5 24. Qe3 d4 25. Rxd4 1-0

[Event "San Sebastian op 19th"]
[Site "San Sebastian"]
[Date "2006.04.12"]
[Round "6.18"]
[White "Contin, Daniel"]
[Black "Manso Marquez, Felix"]
[Result "1-0"]
[WhiteElo "2390"]
[BlackElo "2114"]
[PlyCount "55"]
[EventDate "2006.04.08"]
[EventType "swiss"]
[EventRounds "9"]
[EventCountry "ESP"]
[SourceTitle "CBM 111 Extra"]
[Source "ChessBase"]
[SourceDate "2006.05.09"]
[SourceVersion "1"]
[SourceVersionDate "2006.05.09"]
[SourceQuality "1"]

1. c4 Nf6 2. Nf3 e6 3. g3 d5 4. b3 Be7 5. Bg2 0-0 6. 0-0 c5 7. e3 Nc6 8. Qe2 a5 9. Nc3 d4 10. exd4 cxd4 11. Nb5 d3 12. Qd1 Nd7 13. Bb2 Bf6 14. Qb1 Nc5 15. a3 e5 16. Bc3 Nd4 17. Bxd4 exd4 18. b4 axb4 19. axb4 Rxa1 20. Qxa1 Na6 21. Qb2 Bd7 22. Nd6 Be7 23. Qxd4 Nxb4 24. c5 Na6 25. Nxb7 Qc7 26. Ne5 Nxc5 27. Rc1 Re8 28. Nxc5 1-0

[Event "Primavera de Gros op 1st"]
[Site "San Sebastian"]
[Date "2005.06.11"]
[Round "6.3"]
[White "Manso Marquez, Felix"]
[Black "Pinilla Santibanez, Roberto"]
[Result "1/2-1/2"]
[WhiteElo "2087"]
[BlackElo "2113"]
[PlyCount "94"]
[EventDate "2005.05.07"]
[EventType "swiss"]
[EventRounds "6"]
[EventCountry "ESP"]
[SourceTitle "EXT 2022"]
[Source "ChessBase"]
[SourceDate "2021.10.06"]
[SourceVersion "1"]
[SourceVersionDate "2021.10.06"]
[SourceQuality "1"]

1. d4 e6 2. c4 Nf6 3. Nc3 Bb4 4. e3 c5 5. Nge2 Nc6 6. a3 Bxc3+ 7. Nxc3 cxd4 8. exd4 0-0 9. d5 exd5 10. cxd5 Ne5 11. d6 b6 12. Bg5 h6 13. h4 Bb7 14. Qd4 Nc6 15. Qf4 Qe8+ 16. Be2 Qe5 17. Qxe5 Nxe5 18. Bxf6 gxf6 19. f4 Ng6 20. 0-0 Rfe8 21. f5 Ne5 22. Nb5 Rec8 23. Nc7 Rab8 24. Rac1 Kg7 25. Ba6 Bxa6 26. Nxa6 Ra8 27. Nc7 Rab8 28. b4 a5 29. Rc3 axb4 30. axb4 Kh7 31. Rfc1 b5 32. Nd5 Rc4 33. Rxc4 bxc4 34. Rb1 Rb5 35. Nc3 Rb6 36. b5 Rxd6 37. b6 Rd3 38. b7 Nc6 39. Rc1 d5 40. Nxd5 Rxd5 41. Rxc4 Rb5 42. Rxc6 Rxb7 43. Rxf6 Kg7 44. Ra6 Rb5 45. f6+ Kg6 46. Kh2 h5 47. g4 hxg4 1/2-1/2